[Event "Bayern-chI Bank Hofmann 20th"]
[Site "Bad Wiessee"]
[Date "2016.11.05"]
[Round "8"]
[White "Nisipeanu, Liviu Dieter"]
[Black "Gopal, Geetha Narayanan"]
[Result "1-0"]
[WhiteElo "2687"]
[BlackElo "2560"]
[Annotator "Gutman,L"]
[PlyCount "83"]
[EventDate "2016.10.29"]
[EventType "swiss"]
[EventRounds "9"]
[EventCountry "GER"]
[SourceTitle "CBM 176"]
[Source "ChessBase"]
[SourceDate "2017.01.17"]
[SourceVersion "1"]
[SourceVersionDate "2017.01.17"]
[SourceQuality "1"]

1. Nf3 c5 2. c4 Nf6 3. Nc3 d5 4. cxd5 Nxd5 5. g3 Nc6 6. Bg2 g6 7. h4 $5 ({
Die moderne Strategie heute, während Mihail Marin Weiß in seinem Buch The
English Opening, Volume Two, Quality Chess 2010, etwas mehr vom Spiel nach} 7.
O-O Bg7 8. Nxd5 Qxd5 9. d3 O-O 10. Be3 {verspricht.}) 7... Bg7 ({Vielleicht
etwas vorsichtiger wäre} 7... h6 $5 8. O-O Bg7 9. Nxd5 Qxd5 10. d3 O-O $5 (
10... Qd6 11. Be3 (11. Bf4 e5 12. Be3 Bd7 13. Nd2 b6 14. Nc4 Qe6 15. Qd2 {
Petrosian-Hirnreise, Berlin Rapid 2015} Rc8 $11) 11... Bd7 (11... Bxb2 12. Rb1
Bg7 13. Nd2 $14) 12. Rc1 b6 13. d4 cxd4 14. Nxd4 Bxd4 15. Bxd4 Qxd4 16. Bxc6 (
16. Rxc6 Qxd1 17. Rxd1 Rc8 18. Rxc8+ Bxc8 $11) 16... Qxd1 17. Rfxd1 Bxc6 18.
Rxc6 Rd8 19. Rdc1 O-O 20. Rc7 Rd2 21. Rxa7 Rxb2 22. Kf1 Rd8 23. Rxe7 $14) 11.
Be3 Qh5 12. Qc1 (12. Rc1 b6 13. Qd2 Be6 (13... Bb7 14. Rc4 Ne5 15. Nxe5 Bxg2
16. Kxg2 Qxe5 17. b4 cxb4 18. Qxb4 Qd5+ 19. Kg1 b5 20. Rc2 Rfc8 21. Rfc1 $14 {
Stathoupoulos-Stella, Kavala 2014}) 14. Nh2 Rac8 15. Bf3 Qe5 $11) 12... b6 (
12... Be6 13. Qxc5 Qxc5 14. Bxc5 Rac8) 13. Nh2 Bd7 14. Bf3 Qe5 15. Bxh6 Bxh6
16. Qxh6 Qxb2 $11) 8. h5 Bf5 9. Ng5 {Der Anziehende hat vier weitere
Fortsetzungen getestet:} ({I} 9. Qb3 Ndb4 10. Kf1 Nc2 $5 (10... Be6 11. Qa4 Qa5
12. Qxa5 Nxa5 13. Ng5 Bd7 14. h6 Bd4 15. d3 (15. Rb1 f6 16. Nge4 f5 17. Nxc5
Bxc5 18. a3 Nd3 19. exd3 Nb3 20. Rh4 Bc6 21. Rc4 Bxg2+ 22. Kxg2 Kf7 $11 {
Nepomniachtchi-Kramnik, RUS ch 2014}) 15... f6 16. Nf3 Nc2 17. Rb1 Rc8 (17...
Na3 18. bxa3 Bxc3 19. Nd2 $14) 18. Bd2 Nc6 $11) 11. hxg6 hxg6 12. Rxh8+ Bxh8
13. Rb1 (13. Ng5 $5 Bxc3 14. Qxb7 Na5 15. Qxa8 Qxa8 16. Bxa8 Bf6 17. Rb1 Bxg5
18. d3 Bf6 19. Bd2 Nb4 $11) 13... Qb6 14. d3 Qxb3 15. axb3 Rc8 $15 {Vachier
Lagrave-Leko, Bilbao 2014}) ({II} 9. Nh4 Be6 10. Nf3 Bf5 11. Qa4 Ndb4 12. d3
Qa5 (12... Bxd3 13. exd3 Qxd3 14. Nd2 f5 15. Bf1 Qc2 16. Bb5 O-O-O 17. O-O $14)
13. Qxa5 Nxa5 14. O-O gxh5 15. Bd2 Rc8 16. Rab1 Nbc6 17. Rfc1 b6 18. Nd5 Kd7
19. Nf4 Bg6 $11 {Ponkratov-Leko, Berlin Rapid 2015}) ({III} 9. Nxd5 Qxd5 10. d3
Qd7 11. Qa4 Nb4 12. Qxd7+ Bxd7 13. Kf1 Bc6 $5 (13... Be6 14. Ng5 Bd5 15. Bd2
Bxg2+ 16. Kxg2 $14 {Gupta-Abdumalik, Reykjavik 2015}) 14. Ng5 (14. a3 Nc2 15.
Rb1 Rc8 16. Bd2 b6 $11) 14... Bxg2+ 15. Kxg2 b6 $11) ({IV} 9. h6 Bf6 10. Ng5
Bxg5 11. Nxd5 Be6 12. Nc3 Rc8 13. d3 Bxc1 14. Rxc1 b6 15. O-O O-O 16. Qd2 Nd4
17. Rfd1 Qd7 18. e3 Nf5 19. d4 Nxh6 20. d5 Bh3 $15 {Li Chao-Leko, 5
Matchpartie Szeged 2015}) 9... Ndb4 {Unnötige Aktivität, besser gefällt} (
9... e6 $5 10. Nge4 (10. h6 Bf6 11. Nge4 Be7 12. d3 O-O $11) 10... c4 11. h6 (
11. Qa4 Nb6 12. Qd1 Nd5 13. Qa4 Nb6 14. Qd1 {remis Van Wely-Heimann, Novi Sad
2016}) 11... Be5 (11... Bd4 12. Qa4 Nb6 13. Qa3 Be5 14. O-O Bxe4 15. Nxe4 f5
16. Nc5 Qe7 17. Bxc6+ bxc6 18. Qe3 Qd6 19. d4 cxd3 $11) 12. Qa4 (12. f4 Bxc3
13. bxc3 Bxe4 14. Bxe4 Qa5 15. Qc2 O-O-O) 12... Nb6 13. Qa3 Rc8 14. Rb1 a6 $11)
10. d3 Nd4 11. O-O Qd7 12. a3 Na6 13. e3 (13. e4 Bg4 14. f3 Be6 15. Nxe6 Nxe6
16. f4 O-O-O (16... Bd4+ 17. Kh2 O-O-O 18. f5 Ng7 19. fxg6 hxg6 20. h6 e6 21.
Bh3 Ne8 22. e5 $5 Bxe5 23. Qe2 $14) 17. f5 gxf5 18. exf5 Nd4 19. Bf4 Rhg8 20.
Kh2 Nxf5 21. Qb3 Bh6 22. Qxf7 Bxf4 23. Rxf4 e6 $11) 13... Nc6 14. Bd5 $6 ({
Bessere Chancen war durch} 14. Qb3 O-O 15. Bd5 e6 16. Bxc6 Qxc6 17. e4 Bg4 18.
f3 (18. hxg6 fxg6 19. f3 h6 20. Be3 hxg5 21. fxg4 Rad8 $11) 18... h6 19. fxg4
hxg5 20. Bxg5 gxh5 21. gxh5 c4 22. Qxc4 Qb6+ 23. d4 Bxd4+ 24. Kh1 Qc5 25. Qxc5
Nxc5 26. Rae1 $14 {zu erreichen.}) 14... Bxc3 (14... e6 15. Bxc6 Qxc6 16. e4 (
16. h6 Bxc3 17. bxc3 e5 18. d4 cxd4 19. cxd4 f6 20. e4 Bd7 21. Nf3 Qxe4 22. Re1
Qg4 23. dxe5 O-O-O $11) 16... h6 17. exf5 hxg5 18. fxg6 fxg6 19. Bxg5 Rxh5 20.
Ne4 $14) 15. Bxf7+ Kf8 16. bxc3 h6 17. e4 hxg5 $5 ({Der Schwarze will mehr als
remis nach} 17... Bg4 18. f3 Bh3 19. Nxh3 (19. Rf2 hxg5 20. Bxg6 Ne5 21. Bxg5
Nxg6 22. hxg6 Qd6 $15) 19... Qxh3 20. Bxg6 Qxg3+ $11 {Schneider, Schach}) 18.
exf5 Kxf7 19. fxg6+ Kg7 20. Bxg5 (20. Re1 Rad8 21. c4 Qf5 22. Bb2+ e5 23. g4
Qf6 24. Re3 Rhf8 25. Qe2 Rde8 $17) 20... Qh3 (20... Rad8 21. g4 Qxd3 22. Re1 (
22. Qa4 $2 Nd4 23. cxd4 Rxd4 $17) 22... c4 (22... Qxd1 23. Raxd1 Rxd1 24. Rxd1
Ne5 25. Rd5 Nxg4 26. Bxe7 Nb8 27. f3 Ne3 28. Rxc5 Nc6 29. Bg5 Rxh5 30. Bxe3
Rxc5 31. Bxc5 Kxg6 $11) 23. Qxd3 (23. Qa4 Nc5 24. Qb5 Qd5 $17) 23... cxd3 24.
Rad1 Nc5 25. Bxe7 d2 26. Re3 Nxe7 27. Rxe7+ Kf6 28. Rf7+ Kg5 $11) 21. Bh4 Raf8
22. f4 Rf5 (22... Nc7 $5 23. Ra2 Nd5 24. Rh2 Qd7 25. Qf3 Ne5 (25... Nxc3 26. f5
Nd4 27. Qe3 Rxf5 28. Rxf5 Nxf5 29. Qe5+ Kg8 30. Qxc3 Qe6 $11) 26. Qe4 Ng4 27.
Re2 Rxh5 28. c4 Ndf6 29. Qxe7+ Qxe7 30. Rxe7+ Kxg6 31. Rxb7 Rd8 32. Rf3 Rd7 $15
) 23. Ra2 Rfxh5 24. Qb3 $2 (24. Rh2 Qe6 (24... Qf5 25. g4 Qxg6 26. f5 Rxh4 27.
Rxh4 Qg5 28. Rxh8 Kxh8 29. Qf3 Nc7) 25. Bf6+ Qxf6 26. Rxh5 Rxh5 27. Qxh5 Qxg6
$11) 24... Qf5 $2 (24... c4 $5 25. Qxc4 (25. Qxb7 Rxh4 26. gxh4 Rxh4 27. Qxc6
Qe3+ 28. Rff2 Rg4+ 29. Kf1 Qh3+ $19) 25... Qf5 26. d4 Qxg6 27. Rg2 Nc7 $17) (
24... Nd8 $5 25. Re2 Rxh4 26. gxh4 Qg3+ 27. Rg2 Qe3+ 28. Rff2 Rxh4 29. Qd1 Nc7
30. Qe2 Qxe2 31. Rxe2 Nc6 $17) 25. Qxb7 Nab8 26. Re2 Rxh4 (26... Qxg6 27. f5
Rxf5 28. Rxe7+ Nxe7 29. Qxe7+ Kh6 30. Qe3+ Kg7 31. Qe7+ $11) (26... Kxg6 27.
Rfe1 Rg8 28. Re6+ Kh7 29. Rxe7+ Nxe7 30. Rxe7+ Kh6 31. Re5 Qg4 32. Rxh5+ Qxh5
33. Bg5+ Rxg5 34. fxg5+ Qxg5 35. Qxb8 Qe3+ $11) 27. gxh4 Qg4+ $2 (27... Kxg6
28. Rg2+ Kf6 29. Rf3 Rxh4 30. Qb3 e6 31. Qb7 Qh7 32. Qc8 Rh1+ 33. Kf2 Ke7 34.
Qc7+ Kf6 35. Qc8 Ke7 $11) 28. Rg2 Qxh4 $2 (28... Qh3 $1 29. Qb3 (29. Re1 Qxh4)
29... Qe3+ 30. Rff2 Qc1+ 31. Rf1 Qe3+ $11) 29. Qb3 Qf6 $2 (29... Qh1+ 30. Kf2
Qh4+ 31. Ke2 Qf6 32. Qd5 Na6 33. Rg5 Nc7 34. Qf7+ Qxf7 35. gxf7+ Kxf7 36. Rxc5
$14) 30. Qd5 Rh3 31. Rf3 (31. f5 Ne5 32. d4 cxd4 33. cxd4 Nd3 34. Rg4 Rh4 35.
Qf3 Rxg4+ 36. Qxg4 Nc6 37. d5 $16) 31... Rxf3 (31... Rh6 32. Kf2 $16) 32. Qxf3
Nd7 (32... Qxc3 33. Qh3 Qc1+ 34. Kh2 Qxf4+ 35. Rg3 e6 36. Kg2 Qd2+ 37. Kh1 Qc1+
38. Rg1 Qh6 39. Qxh6+ Kxh6 40. g7 $18) 33. Qh5 Nf8 34. Rh2 Nxg6 35. f5 Nce5 36.
Rg2 Qh4 37. Qxh4 Nf3+ 38. Kf2 Nfxh4 39. Rg5 Kf6 40. fxg6 Kxg5 (40... Nxg6 41.
Rxc5 $18) 41. g7 Kf6 42. g8=Q 1-0

[Event "Rostov on Don"]
[Site "Rostov on Don"]
[Date "1993.??.??"]
[Round "?"]
[White "Psakhis, Lev"]
[Black "Tukmakov, Vladimir B"]
[Result "1-0"]
[WhiteElo "2575"]
[BlackElo "2605"]
[Annotator "Hansen,Cu"]
[PlyCount "80"]
[EventDate "1993.05.??"]
[EventType "tourn"]
[EventRounds "11"]
[EventCountry "RUS"]
[EventCategory "14"]
[SourceTitle "CBM 036"]
[Source "ChessBase"]
[SourceDate "1993.10.01"]
[SourceVersion "1"]
[SourceVersionDate "1993.10.01"]
[SourceQuality "1"]

1. c4 {Ribli} c5 2. Nc3 Nf6 3. g3 d5 4. cxd5 Nxd5 5. Bg2 Nc7 6. Qb3 Nc6 7.
Bxc6+ bxc6 8. Qa4 (8. Nf3 $6 {Ribli Contin,D-Tukmakov,V/Bern/1992/CBM28/54,42/}
) 8... Qd7 (8... e5 $5 9. Nf3 f6 10. Qxc6+ Bd7 11. Qe4 Ne6 12. Qd5 Rb8 13. d3
Be7 14. O-O O-O 15. Nd2 Qc8 {Higatsberger,M-Jukic,M/Vienna op/1991/}) (8... Bd7
{Ribli Rogers,I-Prichett,C/London/1992/EXP/31/}) 9. Nf3 f6 10. d3 e5 11. Be3 (
11. Ne4 Ne6 12. h4 Rb8 13. h5 Be7 14. g4 Rb4 15. Qc2 c4 $13 {Sellos,D-Kouatly,
B/French tch/1992/}) (11. O-O {0,5-0,5/Hoffman,A-Franco,Z/Javea/1992/}) 11...
Ne6 (11... Nd5 12. Rc1 Rb8 13. b3 c4 14. Qxc4 $4 Rb4 {0-1/Sher,M-Brglez,M/Ptuj/
1991/}) (11... Rb8 12. Qxa7 Ra8 13. Qb6 Nb5 14. Ne4 f5 15. Nxe5 Qd5 16. f3 fxe4
17. fxe4 Qd6 18. Qxc6+ Qxc6 19. Nxc6 $14 {Adorjan,A-Kouatly,B/Toluca izt/1982/}
) (11... Nd5 $5 $13 {Ribli Sher,M-Brglez,R/Ptuj/1991/EXP24/}) 12. O-O {/\Rfc1}
Rb8 (12... Nd4 13. Rfc1 Rb8 $13 {Quinteros,M-Rogers,I/Luzern OL/1982/}) 13.
Rab1 (13. Rfc1 Rxb2 14. Rab1 Rb6 $15) 13... h5 $6 (13... Nd4 14. Bxd4 cxd4 15.
Ne4 c5 16. Qxd7+ Bxd7 17. Rfc1 Rb5 18. Nfd2 $16 {Dorfman,I-Swic,W/Polanica
Zdroj/1978/}) (13... Nd4 {Ribli Dorfmann-Swic/Polanica Zdroj/1978/26,85/}) 14.
Ne4 (14. Nh4 $6 Kf7) 14... Nd4 15. Bxd4 cxd4 16. Rfc1 Rb5 (16... Rb6 $5) 17.
Rc2 {/\18.Rbc1 Bb7 19.Qxa7} (17. Rc4 $5 {/\Rbc1}) 17... a5 18. Rbc1 Bb7 19. Nh4
$16 (19. Nc5 Bxc5 20. Rxc5 Rxb2 $13) (19. b3 $5 {/\Nc5}) (19. h4 $5 {/\Nfd2-c4/
b3}) (19. Nfd2 $6 h4 $40) 19... Rh6 (19... Kf7 $2 20. Qxb5 cxb5 21. Rc7 Bc8 (
21... Ke6 22. Rxd7 Kxd7 23. Ng6 Rg8 24. Nxf8+ Rxf8 25. Nc5+ Kc8 26. Ne6+ $18)
22. Rxc8 $1 (22. Rxd7+ Bxd7 23. Rc7 Ke6 24. Ng6 Rg8 $14) 22... Qd5 (22... Qg4
23. f3) 23. R1c7+ $18 {/\Ng6}) 20. b3 {/\Nc5} (20. f3 $5 g5 $2 21. Nf5 Qxf5 (
21... Rg6 22. g4 $16) 22. Rxc6 Bxc6 23. Rxc6 $18) (20. Nc5 Bxc5 21. Rxc5 Rxb2
$13) 20... Qd5 {/\Rb4} (20... g5 $2 21. Nf5 Rg6 22. f3 (22. h3 g4) 22... g4 23.
fxg4 hxg4 24. Rf1 $18) 21. Qc4 Kd7 22. Qxd5+ Rxd5 23. Nc5+ Bxc5 24. Rxc5 Rh8
25. Nf3 (25. R5c4 $5 Ra8 26. Nf3) 25... Rb8 26. Nd2 {><a5} Ba8 27. R5c4 Kc7 28.
Ne4 Rb4 29. Kg2 (29. Nc5 Kb6 $14 (29... Rxc4 30. Ne6+ Kb8 31. bxc4 Rd7 32. Rb1+
Kc8 33. Rb3 $16)) 29... f5 $2 30. Ng5 $1 {/\f2-f4+Ng5-f3 ><d4,><e5} Kd6 (30...
c5 31. f4) 31. f4 exf4 32. gxf4 c5 33. Kf2 Rb7 $2 (33... Kc6 $16) (33... Kc6 {
Ribli} 34. Ne6 Rxc4 35. bxc4 Rd7 36. Rg1 $18) 34. Ne4+ $1 $18 fxe4 35. dxe4 Rf7
36. exd5 Rxf4+ 37. Ke1 Bxd5 38. Rxc5 Rg4 (38... Rh4 39. Rxa5 Rxh2 40. Rcc5 $18)
39. Rxa5 Rg1+ 40. Kd2 Rg2 (40... Rg2 41. Rcc5 Bf7 42. Rg5) 1-0

[Event "Hamburg SKA"]
[Site "Hamburg"]
[Date "1991.07.01"]
[Round "5"]
[White "Wirthensohn, Heinz"]
[Black "Hansen, Curt"]
[Result "0-1"]
[WhiteElo "2460"]
[BlackElo "2565"]
[Annotator "Hansen,Cu"]
[PlyCount "63"]
[EventDate "1991.06.27"]
[EventType "tourn"]
[EventRounds "13"]
[EventCountry "GER"]
[EventCategory "11"]
[SourceTitle "CBM 024"]
[Source "ChessBase"]
[SourceDate "1991.10.01"]
[SourceVersion "1"]
[SourceVersionDate "1991.10.01"]
[SourceQuality "1"]

1. Nf3 {Ribli} c5 2. c4 Nc6 3. Nc3 Nf6 4. e3 e5 5. Be2 (5. d4 e4 6. Ne5 cxd4 7.
exd4 Bb4 8. Be2 Qa5 9. Nxc6 dxc6 10. O-O O-O 11. Bd2 Re8 $13 {Hansen,
C-Cramling,P Hamburg SKA 1990} (11... Rd8 12. a3 Bxc3 13. Bxc3 $14 {Franco,
Z-Polgar,J Salamanca 1989})) (5. b3 {Ribli} d5 6. cxd5 Nxd5 7. Nxd5 Qxd5 8. Bc4
Qd8 9. Bb2 Bd6 10. Qb1 $14 {Murey,Y-Polgar,Zsu New York op 1989 CBM/12} f6)
5... d5 6. cxd5 Nxd5 7. O-O $6 (7. Bb5 {= 1.e4 c5 2.Nf3 e6 3. d4 cxd4 4.Nxd4
Nc6 5. c4 Nf6 6.Nc3 Bb4 with reversed colours}) (7. Bb5 $5 {Ribli}) 7... Nc7 8.
b3 Be7 9. Bb2 O-O 10. Rc1 b6 11. Nb5 $6 (11. d3) (11. a3) (11. Qc2 $5 {Ribli})
11... e4 12. Ne1 Bb7 (12... Bf5 13. a3 $5) 13. Nc3 Bf6 14. Ba1 (14. d3 Nb4 $1 {
/\Sxa2}) 14... Qe7 15. d3 Nb4 $6 (15... exd3 16. Nxd3 Rad8 17. a3 $5 (17. Qc2
Nb4 18. Nxb4 cxb4 19. Na4 Bxa1 20. Qxc7 (20. Rxa1 Qg5 21. g3 $15 Qd5 22. f3 Qe5
23. e4 Ne6) 20... Rd7 $15) 17... Nd5 18. Nxd5 Rxd5 19. Bxf6 Qxf6 20. Qc2 Rfd8
$15) 16. a3 exd3 17. Nxd3 Nbd5 18. Nxd5 Nxd5 19. Bxf6 Qxf6 20. Qc2 Rad8 21.
Rfd1 a5 {><b6} 22. Bf3 Rfe8 23. Nb2 $6 (23. Nf4 $10) (23. e4 $6 Nf4 24. e5 Qg5
$17) 23... Qg5 24. Kh1 Rd6 $1 25. e4 $6 (25. Nc4 $1 Rf6 (25... Rh6 26. Nd2 {
/\Sf1}) 26. Nd2 Qh4 27. Kg1 $1 $10) 25... Rh6 26. exd5 Qf4 27. h3 Rxh3+ 28.
gxh3 Qxf3+ 29. Kg1 $138 Re2 30. Qxe2 Qxe2 31. Nc4 $6 (31. Re1 Qb5 32. Nc4 h5
33. Nd6 Qxb3 34. Nxb7 Qxd5 35. Nxc5 bxc5 36. Re3 $15) 31... Qh5 $1 $17 32. Nxb6
$2 (32. Nxb6 Qg6+) (32. Ne3 Qxh3 $17 {/\f7-f5-f4}) 0-1

[Event "Reggio Emilia-A 9192 34th"]
[Site "Reggio Emilia"]
[Date "1992.??.??"]
[Round "3"]
[White "Gelfand, Boris"]
[Black "Beliavsky, Alexander G"]
[Result "1-0"]
[WhiteElo "2665"]
[BlackElo "2655"]
[Annotator "Hansen,Cu"]
[PlyCount "53"]
[EventDate "1991.12.??"]
[EventType "tourn"]
[EventRounds "9"]
[EventCountry "ITA"]
[EventCategory "18"]
[SourceTitle "CBM 027"]
[Source "ChessBase"]
[SourceDate "1992.04.01"]
[SourceVersion "1"]
[SourceVersionDate "1992.04.01"]
[SourceQuality "1"]

1. c4 {Ribli} Nf6 2. Nc3 c5 3. Nf3 d5 4. cxd5 Nxd5 5. d4 cxd4 6. Qxd4 Nxc3 (
6... e6 {Ribli} 7. e4 Nc6 8. Bb5 Ndb4 9. Qxd8+ Kxd8 10. O-O Bd6 11. a3 Na6 12.
b4 $14 {Southam,D-Kottke,U Biel op 1990 EXP/19}) 7. Qxc3 Nc6 8. e4 Bg4 $6 (8...
e6) (8... e6 {Ribli} 9. Bb5 Bd7 10. O-O Qb6 11. a4 Qc5 12. Qd3 Qd6 13. Qe2 Be7
14. Bd2 a6 15. e5 Qc7 16. Bd3 Nb4 17. Rfc1 Bc6 18. Bxb4 Bxb4 19. Nd4 $16 {
Damljanovic,B-Grosar,A Vidmar-mem 1989 CBM/14}) 9. Bb5 Rc8 10. Bf4 $1 {><c7} (
10. O-O a6 (10... Bxf3 11. Qxf3 Qa5 12. Qb3 e6 13. Be3 Bd6 14. Rfd1 Qc7 15. g3
O-O 16. Rac1 $14 {Suba-Tamai Rom 1990}) 11. Bxc6+ Rxc6 12. Qe3 Bxf3 13. Qxf3
$13 {Kortjnoj-Ljubojevic 1978}) (10. Be3 Bxf3 (10... a6 $1 {Ribli} 11. Rd1 Qc7
12. Bxc6+ Qxc6 13. Qd4 f6 14. O-O e5 $15 {Belov,I-Terteranc URS 1989 47/(58)})
11. gxf3 a6 12. Rd1 Qc7 13. Bxc6+ Qxc6 14. Qd4 f6 15. O-O e5 16. Qa7 $16 {
Portisch-Hubner 1978}) 10... a6 11. Rd1 Qb6 12. Ba4 f6 13. O-O e6 (13... e5 14.
Bxe5 fxe5 (14... Bb4 {Ribli} 15. Qb3 fxe5 16. Nxe5 $18) 15. Qxe5+ Be7 $8 16.
Qxg7 $40) 14. h3 Bxf3 15. Qxf3 Bc5 16. Qg4 $18 O-O 17. Bb3 Rcd8 18. Bxe6+ Kh8
19. Bd5 Nd4 20. Rd2 f5 21. Qh5 Rde8 22. exf5 Bb4 23. Bf7 Bxd2 24. Bg6 Ne2+ 25.
Kh1 h6 26. Bxd2 Re7 27. Bxh6 {Hansen,C} (27. Bxh6 gxh6 28. Qxh6+ Kg8 29. Bh7+
Rxh7 30. Qxb6) 1-0

[Event "Groningen PCA"]
[Site "Groningen"]
[Date "1993.??.??"]
[Round "4"]
[White "Ljubojevic, Ljubomir"]
[Black "Polugaevsky, Lev"]
[Result "1-0"]
[WhiteElo "2595"]
[BlackElo "2605"]
[Annotator "Hansen,Cu"]
[PlyCount "77"]
[EventDate "1993.12.??"]
[EventType "swiss"]
[EventRounds "11"]
[EventCountry "NED"]
[SourceTitle "CBM 039"]
[Source "ChessBase"]
[SourceDate "1994.04.01"]
[SourceVersion "1"]
[SourceVersionDate "1994.04.01"]
[SourceQuality "1"]

1. Nf3 {Ribli} c5 2. c4 Nc6 3. Nc3 Nf6 4. g3 d5 5. cxd5 Nxd5 6. Bg2 g6 7. Qb3
Ndb4 {?! Ribli} (7... Nb6 8. Ne4 e5 (8... Nd4 9. Nxd4 Qxd4 10. d3 Bg7 11. Be3
Qxb2 12. Qxb2 Bxb2 13. Rb1 Na4 14. Nxc5 $16 {Plachetka,S-Loeffler,S/Copenhagen
op/1988/}) (8... c4 9. Qc3 Rg8 10. Ne5 Nxe5 11. Qxe5 Bg7 12. Qa5 $13 {Robatsch,
K-Minic,D/Karlovac/1977/}) 9. d3 f5 (9... Be6 10. Qd1 f6 11. O-O Rc8 12. Be3
Nd4 13. Rc1 $14 {Szabo,L-Miles,A/Hastings/1973/}) 10. Nc3 Qe7 11. O-O Be6 12.
Qd1 Bg7 13. Ng5 Bc8 14. a4 $16 {Ribli,Z-Pavlov,M/Baile Herculane/1982/}) (7...
Nc7 8. O-O (8. Ne4 Ne6 9. d3 Bg7 10. Bd2 O-O 11. O-O Ncd4 12. Nxd4 Nxd4 13. Qd1
Bg4 14. Re1 Rc8 $10 {Karlsson,L-Agdestein,S/Haninge/1988/}) 8... Bg7 9. d3 O-O
10. Bd2 b6 11. Ne4 Bg4 {Carton,P-Sarsam,S/Dubai ol/1986/}) (7... e6 8. O-O Bg7
9. d3 O-O 10. Bg5 Nd4 $1 11. Nxd4 Qxg5 $10 {Uhlmann,W-Skrobek,R/Polanica Zdroj/
1981/}) 8. a3 (8. Ne4 Bg7 9. Nxc5 Qa5 10. Ne4 Bf5 11. Nfg5 O-O 12. e3 h6 13.
Nh3 Be6 $17 {Webb-Miles,A/England/1975/}) 8... Na6 (8... Na5 9. Qd1 Nbc6 $13)
9. Ng5 e6 10. Bxc6+ bxc6 11. d3 Bg7 12. O-O O-O 13. Nf3 $16 {/\Be3, פa6} e5 {
/\Nc7-e6} 14. Qc4 Qb6 {/\Nc7-e6} 15. Qh4 {/\Bh6+Ng5} (15. Be3 Be6) 15... f6 $2
(15... Nc7 $8 {/\} 16. Bh6 f6 $13) 16. Qc4+ {! Ribli} Kh8 17. Be3 {>< e6} Re8 (
17... Qxb2 {Ribli} 18. Rfb1 Qc2 19. Ra2 $18) 18. Na4 Qb7 (18... Qb5 {Ribli} 19.
Qxb5 cxb5 20. Nxc5 Nxc5 21. Bxc5 $16) 19. Rab1 Be6 20. Nxc5 Nxc5 21. Qxc5 Ba2
22. Rbc1 Bd5 (22... Qxb2 $8 23. Rc2 Qb3 24. Ra1 Bb1 25. Rc1 (25. Rd2 Rec8 26.
Qc1 Rab8 27. Bxa7 Rb7 28. Be3 (28. Bc5 Bh6) 28... c5) 25... Ba2 26. Qxc6 $16)
23. b4 $18 f5 24. Bd2 {/\Bc3, קe5} Qd7 25. Ne1 (25. Bc3 Bxf3 26. exf3 Qxd3)
25... e4 (25... f4 {Ribli} 26. f3 Qh3 27. Qf2 $16) 26. Bc3 f4 (26... exd3 {
Ribli} 27. Nxd3 Rxe2 28. Nf4 $16) 27. Bxg7+ Kxg7 (27... Qxg7 {Ribli} 28. Ng2 g5
$14) 28. Ng2 {עg7} g5 (28... exd3 29. Qd4+ Kg8 30. Qxd3 $18) 29. Qd4+ Kf7 30.
gxf4 gxf4 31. f3 $1 exf3 32. Qxf4+ (32. Nxf4 $2 Qg4+ 33. Kh1 Rxe2 $17 (33...
f2+ 34. e4 $16)) 32... Kg8 33. exf3 Re6 34. Qg4+ Kf7 (34... Kh8 35. Qd4+ Kg8
36. Nf4 $18) 35. Kh1 Rg8 36. Qf5+ Kg7 37. Ne3 Kh8 38. Rg1 Rxg1+ 39. Rxg1 $138
1-0

[Event "Moscow Alekhine op"]
[Site "Moscow"]
[Date "1992.??.??"]
[Round "?"]
[White "Shcherbakov, Ruslan"]
[Black "Yudasin, Leonid"]
[Result "1/2-1/2"]
[WhiteElo "2530"]
[BlackElo "2635"]
[Annotator "Hansen,Cu"]
[PlyCount "133"]
[EventDate "1992.10.??"]
[EventType "swiss"]
[EventRounds "9"]
[EventCountry "RUS"]
[SourceTitle "CBM 033"]
[Source "ChessBase"]
[SourceDate "1993.04.01"]
[SourceVersion "1"]
[SourceVersionDate "1993.04.01"]
[SourceQuality "1"]

1. Nf3 c5 2. c4 Nf6 3. g3 Nc6 4. Bg2 d5 5. cxd5 Nxd5 6. Nc3 Nc7 7. Qa4 Bd7 8.
Qe4 Ne6 9. e3 g6 10. d4 f5 $6 (10... cxd4 11. exd4 Bg7 12. Be3 (12. O-O Nexd4
13. Nxd4 Bxd4 14. Bh6 Qa5 15. Rac1 Qf5 16. Qxf5 gxf5 17. Nb5 Be5 18. Rfe1 Bb8
19. Nd4 $16 {Uhlmann-Robatsch Amsterdam 1972 (inf 13/72)}) 12... f5 13. Qd5 Nc7
14. Qb3 Na5 15. Qd1 Nc4 16. O-O $14 {Romanischin-Tal USSR 1976 (inf. 22/96)})
11. Qh4 (11. Qd5 Nb4 12. Qb3 Nd3+ $13) (11. Qd3 cxd4 12. exd4 Bg7 $132) 11...
cxd4 12. exd4 {/\d4-d5} Nb4 13. O-O $16 Bc6 14. Rd1 (14. Re1 Bxf3 (14... Nc2 $6
15. Rxe6 Nxa1 16. Ne5 Bxg2 17. Qf6 Qxd4 18. Qxh8 O-O-O 19. Be3 $16) 15. Bxf3
Nxd4 16. Bxb7 Rb8 17. Be3 Nbc2 18. Rad1 Rxb7 19. Bxd4 Nxe1 20. Rxe1 Rb4 $15) (
14. d5 $5 Nxd5 (14... Bxd5 15. Qxb4 $18) 15. Rd1 Nec7 $8 (15... Bg7 16. Nxd5
Bxd5 17. Qa4+ Kf8 18. Ng5 $18) 16. Ne5 {/\Nxg6} (16. Bf4 {/\Bxc7 +-} e6 $8 (
16... Qc8 17. Be5 $18) 17. Qxd8+ Rxd8 18. Be5 Rg8 19. Nxd5 Nxd5 20. Nd4 $44) (
16. Bg5 Bg7 17. Bxe7 Qxe7 18. Re1 Ne6 19. Ng5 Ndc7 $13) 16... Bg7 17. Bf4 (17.
Nxc6 bxc6 18. Qc4 (18. Bf4 e5 $1 $13) (18. Qa4 Qd7 19. Nxd5 cxd5 20. Qxd7+ Kxd7
21. Bxd5 Nxd5 22. Rxd5+ Ke6 $10) 18... Qd6 19. Nxd5 cxd5 20. Bxd5 Nxd5 21. Rxd5
$16) 17... Rc8 (17... O-O $2 18. Nxc6 bxc6 19. Bxc7 Qxc7 20. Nxd5 cxd5 21.
Bxd5+ $18) 18. Nxc6 bxc6 19. Bxc7 Qxc7 20. Nxd5 cxd5 21. Bxd5 $16) 14... Nd5
15. Bh6 (15. Ng5 $5 Nxg5 (15... Qd6 16. Nxe6 Qxe6 17. Bg5 $16) 16. Bxg5 Rc8 17.
Rac1 $14) 15... Qd6 16. Ne5 Nxc3 17. Bxc6+ (17. bxc3 Bxg2 18. Kxg2 Bg7 $13)
17... bxc6 18. bxc3 Bg7 $1 $13 19. Nc4 $6 (19. Bxg7 Nxg7 20. Rab1 O-O 21. Rb7
Rfe8 22. Rdb1 $16) 19... Qd5 20. Ne3 Bf6 $1 21. Nxd5 (21. Qh3 Qf3 $132) 21...
Bxh4 22. Nb4 Bf6 23. Nxc6 Rc8 $14 24. d5 (24. Nxa7 Rxc3 $44) 24... Nd8 25. Nxa7
Rxc3 26. Rac1 (26. a4 $5) 26... Ra3 27. Nb5 Rxa2 28. d6 Kf7 29. dxe7 Bxe7 30.
Nd6+ Kf6 (30... Bxd6 31. Rxd6 Ne6 32. Rd7+ Kf6 33. Rc6 Re8 34. f4 $16 {/\Bg5#/
Bg7#}) 31. h4 {/\Bg5+} Nf7 32. Nxf7 $2 $10 (32. Bg5+ $5 Nxg5 33. hxg5+ Ke6 34.
Re1+ Kd7 (34... Kxd6 35. Rcd1+ Kc6 36. Rxe7 $14) 35. Nc4 $14 Rb8 36. Ne5+ Ke8
37. Rc7) 32... Kxf7 33. Rc7 Re8 34. Bg5 Ra6 35. Rdd7 Re6 36. Kg2 Kf8 37. Kf3
Kf7 38. Ra7 Kf8 39. Rab7 Kf7 40. Ra7 Kf8 41. Rab7 Kf7 42. Rbc7 Kf8 43. Rb7 Kf7
44. Rbc7 Kf8 45. Kg2 Kf7 46. Kh2 Kf8 47. Kg2 Kf7 48. Kf3 Kf8 49. Be3 Kg8 50.
Bd4 Kf7 51. Bc5 Kf6 52. Bd4+ Kf7 53. Bc3 Kg8 54. Bb2 Kf7 55. Kg2 Kg8 56. Bc3
Kf7 57. Bd4 Kg8 58. Kh3 Kf7 59. h5 gxh5 60. Bc5 Kf6 61. f4 Bxc5 62. Rxc5 Kg6
63. Rcc7 Rg8 64. Rxh7 Rd6 65. Rcd7 Rxd7 66. Rxd7 h4 67. g4 1/2-1/2